Managerial Accounting / Sixth Edition (Record no. 1804)
[ view plain ]
| 000 -LEADER | |
|---|---|
| fixed length control field | 02032cam a22002294a 4500 |
| 005 - ΗΜΕΡΟΜΗΝΙΑ ΚΑΙ ΩΡΑ ΤΕΛΕΥΤΑΙΑΣ ΕΝΗΜΕΡΩΣΗΣ | |
| Πεδίο ελέγχου | 20250605164019.0 |
| 008 - FIXED-LENGTH DATA ELEMENTS--GENERAL INFORMATION | |
| Πεδίο ελέγχου σταθερού μήκους | 250528s ||||||||||||||||||||||||d |
| 035 ## - SYSTEM CONTROL NUMBER | |
| System control number | 16287 |
| 020 ## - ISBN | |
| ISBN | 053498309X |
| 040 ## - ΠΗΓΗ ΚΑΤΑΛΟΓΟΓΡΑΦΗΣΗΣ | |
| Φορέας πρωτότυπης καταλογογράφησης | MC Athens Campus Library |
| Γλώσσα καταλογογράφησης | Ελληνικά, Μοντέρνα (1453-) |
| Modifying agency | MC Athens Campus Library |
| Κανόνες περιγραφικής καταλογογράφησης | AACR2 |
| 245 1# - ΤΙΤΛΟΣ ΚΑΙ ΔΗΛΩΣΗ ΥΠΕΥΘΥΝΟΤΗΤΑΣ | |
| Τίτλος | Managerial Accounting / Sixth Edition |
| 250 ## - EDITION STATEMENT | |
| Edition statement | 6th |
| 260 ## - PUBLICATION, DISTRIBUTION, ETC. | |
| Name of publisher, distributor, etc. | Pws-Kent Publishing Company, |
| Date of publication, distribution, etc. | 1991 |
| 300 ## - PHYSICAL DESCRIPTION | |
| Extent | 836 |
| 505 0# - FORMATTED CONTENTS NOTE | |
| Formatted contents note | Introduction, Volume-Cost-Profit Analysis and Decision Making, Profit Planning, Analyzing Cost Behavior, Additional Aspects of Volume-Cost-Profit Analysis, Short-Term Decisions and Accounting Information, Budgeting, Operational Budgeting, Financial Budgeting, Capital Budgeting, Control and Performance Evaluation, Responsibility Accounting, Divisional Performance Measurement, Control and Evaluation of Cost Centers, Product Costing, Introduction to Product Costing: Job-Order Costing, Standard Costing: Absorption and Variable, Process Costing and the Cost Accounting Cycle, Special Topics, Quantitative Methods and Managerial Accounting, Statement of Cash Flows, Analyzing Financial Statements, Appendix: Time Value of Money, Index. |
| 520 ## - SUMMARY, ETC. | |
| Summary, etc. | Introduction, Volume-Cost-Profit Analysis and Decision Making, Profit Planning, Analyzing Cost Behavior, Additional Aspects of Volume-Cost-Profit Analysis, Short-Term Decisions and Accounting Information, Budgeting, Operational Budgeting, Financial Budgeting, Capital Budgeting, Control and Performance Evaluation, Responsibility Accounting, Divisional Performance Measurement, Control and Evaluation of Cost Centers, Product Costing, Introduction to Product Costing: Job-Order Costing, Standard Costing: Absorption and Variable, Process Costing and the Cost Accounting Cycle, Special Topics, Quantitative Methods and Managerial Accounting, Statement of Cash Flows, Analyzing Financial Statements, Appendix: Time Value of Money, Index. |
| 700 1# - ΠΡΟΣΘΕΤΗ ΑΝΑΓΡΑΦΗ--ΦΥΣΙΚΟ ΠΡΟΣΩΠΟ | |
| Personal name | Dominiak Geraldine F |
| 9 (RLIN) | 2369 |
| 700 1# - ΠΡΟΣΘΕΤΗ ΑΝΑΓΡΑΦΗ--ΦΥΣΙΚΟ ΠΡΟΣΩΠΟ | |
| Personal name | Louderback Joseph G. |
| 9 (RLIN) | 2370 |
| 942 ## - ADDED ENTRY ELEMENTS (KOHA) | |
| Koha item type | Books |
| Τύπος τεκμηρίου | Βιβλιοθήκη | Τρέχουσα τοποθεσία | Barcode | Αριθμός εισαγωγής | Ημερομηνία απόκτησης | Ταξιθετικό σύμβολο | Αριθμός αντιτύπου | Κατάσταση απόσυρσης | Κατάσταση χαμένου | Κατάσταση κατεστραμμένου | Μη δανεισμός | Σύνολο δανεισμών | Ημερομηνία τελευταίας εμφάνισης | Η τιμή ισχύει από |
|---|---|---|---|---|---|---|---|---|---|---|---|---|---|---|
| Books | MC Athens Campus Library | MC Athens Campus Library | 9780000018038 | 3376 | 05/06/2025 | 658.15 DOM | 1 | 05/06/2025 | 05/06/2025 |